000 00290 a2200109 4500
001 50702
040 _cAnchieta - Pituba
240 1 0 _aO Esqueleto Humano em 3D
_l
245 1 0 _aO Esqueleto Humano em 3D
650 4 _aObras enciclopédicas gerais de línguas espanhola e portuguesa
942 _cMU
999 _c50702
_d50702